| 000 | 00706nam a2200217Ia 4500 | ||
|---|---|---|---|
| 001 | 15186 | ||
| 003 | GE_BSU | ||
| 008 | 181216s||||||||xx |||||||||||||| ||und|| | ||
| 040 | _cGE_BSU | ||
| 080 | _a821.353.1-4 | ||
| 100 | _aშატბერაშვილი, ბორის | ||
| 245 | _aმღერიან მთები | ||
| 245 | _bმხატვრ. ნარკვევი | ||
| 245 | _cრედ:ლ.ცაგარეიშვილი;მხატვ:რ.კიკნაძე | ||
| 260 | _aთბილისი. | ||
| 260 | _bნაკადული | ||
| 260 | _c1964 | ||
| 300 | _a98გვ;22სმ. | ||
| 653 | _aმხატვრ. ნარკვევი | ||
| 942 | _cBK | ||
| 999 |
_c48299 _d48299 |
||